[Event "Titled Tue 24th Jun Early"]
[Site "chess.com INT"]
[Date "2025.06.24"]
[Round "1"]
[White "Donchenko, Alexander"]
[Black "Silva, Pedro Gil Ferreira Da"]
[Result "1-0"]
[WhiteTitle "GM"]
[BlackTitle "FM"]
[WhiteElo "2613"]
[BlackElo "2269"]
[WhiteFideId "24603295"]
[BlackFideId "1946102"]
[EventDate "2025.06.24"]

1. d4 Nf6 2. c4 e6 3. g3 Bb4+ 4. Nd2 a5 5. Bg2 O-O 6. Nf3 d6 7. O-O Nbd7 8. Nb1
d5 9. c5 a4 10. a3 Ba5 11. Qxa4 b6 12. b4 1-0

[Event "Titled Tue 24th Jun Early"]
[Site "chess.com INT"]
[Date "2025.06.24"]
[Round "1"]
[White "Khandelwal, Ankush"]
[Black "Xiong, Jeffery"]
[Result "0-1"]
[WhiteTitle "FM"]
[BlackTitle "GM"]
[WhiteElo "2341"]
[BlackElo "2639"]
[WhiteFideId "413470"]
[BlackFideId "2047640"]
[EventDate "2025.06.24"]

1. f4 d5 2. Nf3 g6 3. g3 Bg7 4. Bg2 Nh6 5. O-O O-O 6. d3 d4 7. c3 c5 8. e4 dxe3
9. Bxe3 Qb6 10. Qc2 Ng4 11. Bc1 Bf5 12. Kh1 c4 13. Ne1 cxd3 14. Qd2 Nc6 15. h3
Nf6 16. Na3 Ne4 17. Qe3 Qxe3 18. Bxe3 Nxg3+ 0-1

[Event "Titled Tue 24th Jun Early"]
[Site "chess.com INT"]
[Date "2025.06.24"]
[Round "1"]
[White "Navarro Lopez-Menchero, Daniel"]
[Black "Csonka, Balazs"]
[Result "0-1"]
[WhiteTitle "FM"]
[BlackTitle "IM"]
[WhiteElo "2240"]
[BlackElo "2467"]
[WhiteFideId "2297370"]
[BlackFideId "742910"]
[EventDate "2025.06.24"]

1. e4 c5 2. Nf3 e6 3. d4 cxd4 4. Nxd4 Nf6 5. Nc3 Nc6 6. Ndb5 Bc5 7. Nd6+ Ke7 8.
Nc4 d5 9. exd5 exd5 10. Nd2 Ng4 11. Qf3 Bxf2+ 12. Ke2 Nd4+ 0-1

[Event "Titled Tue 24th Jun Early"]
[Site "chess.com INT"]
[Date "2025.06.24"]
[Round "1"]
[White "Donoso Aguirre, Maximiliano"]
[Black "Pakleza, Zbigniew"]
[Result "0-1"]
[WhiteTitle "CM"]
[BlackTitle "GM"]
[WhiteElo "2050"]
[BlackElo "2484"]
[WhiteFideId "3458920"]
[BlackFideId "1119290"]
[EventDate "2025.06.24"]

1. e4 d6 2. d4 Nf6 3. Nc3 c6 4. Nf3 Bg4 5. Be2 e6 6. h3 Bh5 7. O-O d5 8. exd5
cxd5 9. Bf4 Nc6 10. Ne5 Bxe2 11. Nxe2 Be7 12. c3 O-O 13. Qb3 Na5 14. Qc2 Rc8 15.
Ng3 b5 16. Rac1 Nc4 17. Nxc4 Rxc4 18. Qd3 Qb6 19. b3 Rc6 20. c4 bxc4 21. bxc4
Qa6 22. Rfe1 dxc4 23. Qd2 Nd5 24. Bg5 Bb4 0-1

[Event "Titled Tue 24th Jun Early"]
[Site "chess.com INT"]
[Date "2025.06.24"]
[Round "1"]
[White "Burmakin, Evgeniy"]
[Black "Germanovs, Georgijs"]
[Result "1-0"]
[WhiteTitle "FM"]
[BlackTitle "CM"]
[WhiteElo "2110"]
[BlackElo "2260"]
[WhiteFideId "4163729"]
[BlackFideId "11609710"]
[EventDate "2025.06.24"]

1. e4 e5 2. Nf3 Nc6 3. Bb5 a6 4. Ba4 Nge7 5. c3 d6 6. h3 Bd7 7. d4 Ng6 8. O-O
Be7 9. c4 Nxd4 10. Bxd7+ Qxd7 11. Nxd4 exd4 12. Qxd4 Bf6 13. Qd3 Ne5 14. Qe2 O-O
15. Nc3 g6 16. Bh6 Rfe8 17. Nd5 Bg7 18. Bxg7 Kxg7 19. f4 Nc6 20. Qd3 Rac8 21.
Qc3+ Kh6 22. Nf6 Qe7 23. Ng4+ Kh5 24. Qg7 Qf8 25. Nf6+ Kh4 26. Kh2 Qxg7 27. g3# 1-0

[Event "Titled Tue 24th Jun Early"]
[Site "chess.com INT"]
[Date "2025.06.24"]
[Round "1"]
[White "Leinov, Roman"]
[Black "Karttunen, Mika"]
[Result "0-1"]
[WhiteTitle "CM"]
[BlackTitle "IM"]
[WhiteElo "2120"]
[BlackElo "2490"]
[WhiteFideId "13504649"]
[BlackFideId "502081"]
[EventDate "2025.06.24"]

1. Nf3 Nf6 2. g3 d5 3. Bg2 c6 4. O-O Bg4 5. Ne5 Bf5 6. d3 Nbd7 7. Nxd7 Qxd7 8.
Nd2 Bh3 9. b3 h5 10. Nf3 h4 11. Bg5 hxg3 12. fxg3 Bxg2 13. Kxg2 Qh3+ 14. Kf2
Ng4+ 15. Ke1 f6 16. Bf4 e5 17. Ng1 Qg2 18. e4 Nxh2 19. Qe2 Qxf1+ 20. Qxf1 Nxf1 0-1

[Event "Titled Tue 24th Jun Early"]
[Site "chess.com INT"]
[Date "2025.06.24"]
[Round "1"]
[White "Akshat Sureka"]
[Black "Medina, VInce Angelo"]
[Result "0-1"]
[WhiteTitle "FM"]
[WhiteElo "2339"]
[BlackElo "2138"]
[WhiteFideId "25774492"]
[BlackFideId "5205069"]
[EventDate "2025.06.24"]

1. e4 c6 2. d4 d5 3. e5 a6 4. Bd3 g6 5. Nf3 Bg4 6. h3 Bxf3 7. Qxf3 e6 8. h4 h5
9. Bg5 Qb6 10. O-O Qxb2 11. Nd2 Qxd4 12. Rab1 b5 13. Be3 Qg4 14. Qxg4 hxg4 15.
g3 Nd7 16. f4 Bc5 17. Kf2 d4 0-1

[Event "Titled Tue 24th Jun Early"]
[Site "chess.com INT"]
[Date "2025.06.24"]
[Round "1"]
[White "Ganichev, Alexander"]
[Black "Baskakov, Egor"]
[Result "0-1"]
[WhiteTitle "FM"]
[BlackTitle "CM"]
[WhiteElo "2241"]
[BlackElo "2215"]
[WhiteFideId "24143944"]
[BlackFideId "24197866"]
[EventDate "2025.06.24"]

1. e4 c5 2. Nf3 Nf6 3. e5 Nd5 4. Nc3 e6 5. Nxd5 exd5 6. d4 Nc6 7. dxc5 Bxc5 8.
Bd3 d6 9. exd6 O-O 10. O-O Qxd6 11. h3 h6 12. Re1 Bd7 13. c3 Rfe8 14. Bd2 Bxh3
15. gxh3 Qg3+ 16. Kh1 Qxh3+ 17. Kg1 Qg3+ 18. Kh1 Bxf2 19. Ng1 Bxg1 0-1

[Event "Titled Tue 24th Jun Early"]
[Site "chess.com INT"]
[Date "2025.06.24"]
[Round "1"]
[White "Shubhi Gupta"]
[Black "Askarov, Bakhtiyar"]
[Result "0-1"]
[WhiteTitle "WFM"]
[BlackTitle "IM"]
[WhiteElo "2188"]
[BlackElo "2297"]
[WhiteFideId "25195425"]
[BlackFideId "13701100"]
[EventDate "2025.06.24"]

1. d4 Nf6 2. Nf3 g6 3. c4 Bg7 4. g3 O-O 5. Bg2 d6 6. O-O Nbd7 7. Nc3 e5 8. e4
exd4 9. Nxd4 Re8 10. Re1 Nc5 11. h3 h6 12. b3 Bd7 13. Bb2 a5 14. Qd2 Qc8 15. Kh2
Re5 16. f4 Rh5 17. Qe2 Bxh3 18. Qxh5 Nxh5 19. Bxh3 Qd8 20. Nd5 Nd3 0-1

[Event "Titled Tue 24th Jun Early"]
[Site "chess.com INT"]
[Date "2025.06.24"]
[Round "1"]
[White "Pavlidou, Ekaterini"]
[Black "Barseghyan, Armen Ar."]
[Result "0-1"]
[WhiteTitle "WIM"]
[BlackTitle "IM"]
[WhiteElo "2198"]
[BlackElo "2348"]
[WhiteFideId "4213262"]
[BlackFideId "13306707"]
[EventDate "2025.06.24"]

1. d4 Nf6 2. c4 e6 3. Nc3 d5 4. cxd5 exd5 5. Bg5 Be7 6. e3 O-O 7. Bd3 Re8 8.
Nge2 c6 9. Qc2 Nbd7 10. h3 h6 11. Bf4 Nf8 12. Bh2 Bd6 13. O-O Bxh2+ 14. Kxh2 Ne6
15. Ng3 g6 16. f4 Ng7 17. Rae1 Qd6 18. a3 h5 19. Nh1 Bf5 20. Nf2 Re7 21. Ncd1
Rae8 22. Re2 h4 23. Rfe1 Nfh5 24. Nh1 Bxd3 25. Qxd3 Nf5 26. g4 hxg3+ 27. Kg1 Nh4
28. b4 Nf3+ 29. Kg2 Nxe1+ 30. Rxe1 Nxf4+ 0-1

[Event "Titled Tue 24th Jun Early"]
[Site "chess.com INT"]
[Date "2025.06.24"]
[Round "1"]
[White "Lavorgna, Giovanni"]
[Black "Dobre, Claudiu-Cristian"]
[Result "0-1"]
[WhiteTitle "CM"]
[BlackTitle "IM"]
[WhiteElo "1902"]
[BlackElo "2287"]
[WhiteFideId "11800100"]
[BlackFideId "1211854"]
[EventDate "2025.06.24"]

1. d4 f5 2. e4 fxe4 3. Nc3 Nf6 4. Bg5 c6 5. d5 Qa5 6. Bc4 Qb4 7. Bb3 Nxd5 8.
Bxd5 cxd5 9. Qxd5 Qxb2 10. Rd1 Qxc3+ 11. Bd2 Qc6 12. Qh5+ g6 13. Qe2 Bg7 14. Nh3
O-O 15. O-O d5 16. Ng5 h6 0-1

[Event "Titled Tue 24th Jun Early"]
[Site "chess.com INT"]
[Date "2025.06.24"]
[Round "1"]
[White "Ouakhir, Mehdi Pierre"]
[Black "Atoyan, Alberto"]
[Result "0-1"]
[WhiteTitle "FM"]
[BlackTitle "CM"]
[WhiteElo "2195"]
[BlackElo "2266"]
[WhiteFideId "9000437"]
[BlackFideId "13314831"]
[EventDate "2025.06.24"]

1. d4 g6 2. c4 Bg7 3. e4 d6 4. Ne2 Nd7 5. Nbc3 e5 6. d5 Ne7 7. f3 f5 8. Be3 O-O
9. Qd2 a6 10. b4 a5 11. bxa5 Rxa5 12. Nc1 b6 13. Nb3 Ra8 14. a4 Nf6 15. h3 Nh5
16. Bd3 Nf4 17. O-O Nxd3 18. Qxd3 f4 19. Bf2 g5 20. a5 bxa5 21. Rxa5 Rxa5 22.
Nxa5 h5 23. c5 g4 24. cxd6 cxd6 25. hxg4 Qxa5 26. gxh5 Ba6 0-1

[Event "Titled Tue 24th Jun Early"]
[Site "chess.com INT"]
[Date "2025.06.24"]
[Round "1"]
[White "Nguyen, Quoc Hy"]
[Black "Tikhonov, Viacheslav"]
[Result "0-1"]
[WhiteTitle "FM"]
[BlackTitle "CM"]
[WhiteElo "2389"]
[BlackElo "2183"]
[WhiteFideId "12410853"]
[BlackFideId "44196407"]
[EventDate "2025.06.24"]

1. d4 Nf6 2. c4 g6 3. Nc3 d5 4. Bg5 Ne4 5. Bh4 Nxc3 6. bxc3 Bg7 7. e3 c5 8. Nf3
Nc6 9. Be2 cxd4 10. cxd4 Qa5+ 11. Qd2 Qxd2+ 12. Nxd2 dxc4 13. Nxc4 O-O 14. O-O
Bf5 15. Bf3 Rac8 16. Rac1 Rfe8 17. d5 Nb4 18. e4 Nxa2 19. Rb1 Rxc4 0-1

[Event "Titled Tue 24th Jun Early"]
[Site "chess.com INT"]
[Date "2025.06.24"]
[Round "1"]
[White "Frempong-Smart Daniel"]
[Black "Yatskar, Martin"]
[Result "0-1"]
[WhiteTitle "CM"]
[BlackTitle "CM"]
[WhiteElo "1841"]
[BlackElo "2225"]
[WhiteFideId "12601659"]
[BlackFideId "34109676"]
[EventDate "2025.06.24"]

1. d4 d5 2. Nf3 c5 3. g3 Nf6 4. Bg2 Nc6 5. O-O e6 6. c4 dxc4 7. Qa4 cxd4 8. Nxd4
Qxd4 9. Bxc6+ Bd7 10. Bxd7+ Qxd7 11. Qxc4 Rc8 12. Qb3 Bc5 13. Rd1 Qc6 14. Nc3
O-O 15. Bd2 Rfd8 16. Rac1 Bxf2+ 17. Kxf2 Ng4+ 18. Kg1 Qc5+ 19. e3 Rxd2 20. Rxd2
Qxe3+ 21. Kg2 Qxd2+ 22. Kh3 0-1

[Event "Titled Tue 24th Jun Early"]
[Site "chess.com INT"]
[Date "2025.06.24"]
[Round "1"]
[White "Pournami S"]
[Black "Yaniuk, Volodymyr"]
[Result "0-1"]
[WhiteTitle "WCM"]
[WhiteElo "1749"]
[BlackElo "2223"]
[WhiteFideId "25732439"]
[BlackFideId "14133083"]
[EventDate "2025.06.24"]

1. d4 d5 2. c4 e6 3. Nc3 Nf6 4. Nf3 Bb4 5. Bg5 dxc4 6. e3 b5 7. a4 c6 8. Ne5 Bb7
9. Qf3 Qd5 10. Qh3 Ne4 11. Bf4 Nxc3 0-1

[Event "Titled Tue 24th Jun Early"]
[Site "chess.com INT"]
[Date "2025.06.24"]
[Round "1"]
[White "Gunawardhana, Devindya Oshini"]
[Black "Willim, Michael"]
[Result "1-0"]
[WhiteTitle "WIM"]
[BlackTitle "CM"]
[WhiteElo "2121"]
[BlackElo "2024"]
[WhiteFideId "29941482"]
[BlackFideId "4632435"]
[EventDate "2025.06.24"]

1. Nf3 d5 2. g3 g6 3. Bg2 Bg7 4. d4 c6 5. c3 Nf6 6. O-O O-O 7. Nbd2 Nbd7 8. Re1
a5 9. e4 dxe4 10. Nxe4 Nxe4 11. Rxe4 Nf6 12. Re1 a4 13. Ne5 Nd7 14. Nd3 Qb6 15.
Be3 Nf6 16. d5 Qc7 17. dxc6 bxc6 18. Bf4 Qa7 19. Bxc6 Ba6 20. Nb4 Rad8 21. Qf3
e6 22. Be3 Qb8 23. Nxa6 Qxb2 24. Bg5 h6 25. Bxf6 1-0

[Event "Titled Tue 24th Jun Early"]
[Site "chess.com INT"]
[Date "2025.06.24"]
[Round "1"]
[White "Zieba, Hubert"]
[Black "Nakara Husain"]
[Result "0-1"]
[WhiteTitle "CM"]
[WhiteElo "2233"]
[BlackElo "1713"]
[WhiteFideId "21844704"]
[BlackFideId "25636111"]
[EventDate "2025.06.24"]

1. d4 Nf6 2. c4 e6 3. g3 d5 4. Bg2 g6 5. Nf3 Bg7 6. O-O O-O 7. Nc3 c6 8. Re1
Nbd7 9. e4 dxe4 10. Nxe4 Nxe4 11. Rxe4 Re8 12. Bf4 b6 13. Qe2 Bb7 14. Rd1 Qe7
15. Re3 h6 16. h4 Rad8 17. Red3 c5 18. b3 cxd4 19. Nxd4 Nc5 20. Re3 Bxg2 21.
Kxg2 Bxd4 22. Rxd4 Rxd4 0-1

[Event "Titled Tue 24th Jun Early"]
[Site "chess.com INT"]
[Date "2025.06.24"]
[Round "1"]
[White "Hernandez Leon, Sergio"]
[Black "Atanasov, Anthony"]
[Result "1-0"]
[WhiteTitle "CM"]
[BlackTitle "IM"]
[WhiteElo "2102"]
[BlackElo "2417"]
[WhiteFideId "2285622"]
[BlackFideId "2623897"]
[EventDate "2025.06.24"]

1. e4 e5 2. Nf3 Nf6 3. Nxe5 d6 4. Nf3 Nxe4 5. c4 Nc6 6. Nc3 Nxc3 7. bxc3 Be7 8.
d4 O-O 9. Bd3 Bg4 10. h3 Bh5 11. O-O Qd7 12. Bf4 Rae8 13. d5 Ne5 14. Nxe5 dxe5
15. Qxh5 h6 16. Qxe5 Bg5 17. Qxc7 Qa4 18. Bxg5 hxg5 19. Qxb7 g6 20. Rfe1 Rxe1+
21. Rxe1 Qxa2 22. Qe7 Qd2 23. Bf1 Qxc3 24. d6 a5 25. d7 Qd2 26. Qxf8+ Kxf8 27.
Re8+ 1-0

[Event "Titled Tue 24th Jun Early"]
[Site "chess.com INT"]
[Date "2025.06.24"]
[Round "1"]
[White "Nusrat Jahan, Alo"]
[Black "Chiang, Jacob"]
[Result "0-1"]
[WhiteTitle "WCM"]
[WhiteElo "1795"]
[BlackElo "2006"]
[WhiteFideId "10226826"]
[BlackFideId "30962331"]
[EventDate "2025.06.24"]

1. e4 c5 2. Nc3 Nc6 3. g3 g6 4. Bg2 Bg7 5. f4 d6 6. Nf3 f5 7. d3 Nf6 8. O-O O-O
9. e5 dxe5 10. fxe5 Ng4 11. Qe2 Ngxe5 12. Nxe5 Nxe5 13. Nd5 e6 14. Nf4 Qf6 15.
Re1 Re8 16. Bd2 Nc6 17. Bc3 Nd4 18. Qd2 Qf7 19. Nh3 h6 20. Rad1 e5 21. b3 Be6
22. Bxb7 Qxb7 0-1

[Event "Titled Tue 24th Jun Early"]
[Site "chess.com INT"]
[Date "2025.06.24"]
[Round "1"]
[White "Andrade, Ivan"]
[Black "Rohit, S"]
[Result "1-0"]
[WhiteTitle "FM"]
[BlackTitle "FM"]
[WhiteElo "2144"]
[BlackElo "2241"]
[WhiteFideId "14800039"]
[BlackFideId "46633847"]
[EventDate "2025.06.24"]

1. e4 c5 2. Nf3 d6 3. d4 cxd4 4. Nxd4 Nf6 5. Nc3 a6 6. f3 e5 7. Nb3 Be7 8. Be3
Be6 9. Qd2 O-O 10. O-O-O b5 11. g4 Nbd7 12. g5 Nh5 13. Ne2 a5 14. Kb1 Nb6 15.
Ng3 Nc4 16. Bxc4 bxc4 17. Nxh5 cxb3 18. cxb3 a4 19. Rhg1 axb3 20. a3 d5 21. Nf6+
Bxf6 22. gxf6 Qxf6 23. Rdf1 Bh3 24. Bg5 Qd6 25. Bh6 g6 26. Bxf8 Qxf8 27. Rc1 d4
28. Qb4 Qh6 29. Qb7 Rd8 30. Qe7 Ra8 31. Qxe5 d3 32. Qd5 Rxa3 33. bxa3 Qd2 34.
Qxb3 Be6 35. Qb8+ Kg7 36. Qb2+ 1-0

[Event "Titled Tue 24th Jun Early"]
[Site "chess.com INT"]
[Date "2025.06.24"]
[Round "1"]
[White "Khanbutaev, Artemii"]
[Black "Sapocinic, Semion"]
[Result "0-1"]
[BlackTitle "FM"]
[WhiteElo "2139"]
[BlackElo "2296"]
[WhiteFideId "55747175"]
[BlackFideId "13908693"]
[EventDate "2025.06.24"]

1. d4 Nf6 2. c4 e6 3. g3 d5 4. Nf3 Bb4+ 5. Bd2 Be7 6. Bg2 O-O 7. O-O Nbd7 8. Qc2
c6 9. b3 b6 10. Nc3 Bb7 11. e4 dxe4 12. Nxe4 Nxe4 13. Qxe4 Nf6 14. Qe2 c5 15.
Rad1 cxd4 16. Bf4 Bc5 17. Nxd4 Bxg2 18. Kxg2 Qe7 19. Kg1 Bxd4 20. Rxd4 Rfd8 21.
Rfd1 Rxd4 22. Rxd4 Rd8 23. Qd3 Rxd4 24. Qxd4 h6 25. Kg2 Qb7+ 26. f3 Qd7 27. Be5
Qxd4 28. Bxd4 Nd7 29. f4 f6 30. Kf3 Kf7 31. Ke4 f5+ 32. Kd3 g5 33. fxg5 hxg5 34.
h3 e5 35. Bf2 Kf6 36. g4 e4+ 37. Kd4 Nc5 38. gxf5 Kxf5 39. Be3 Ne6+ 40. Kd5 Nf4+
41. Kc6 Ng2 42. Bg1 e3 43. Kb7 e2 44. Bf2 Kf4 45. Kxa7 Kf3 46. c5 bxc5 0-1

[Event "Titled Tue 24th Jun Early"]
[Site "chess.com INT"]
[Date "2025.06.24"]
[Round "1"]
[White "Biastoch, Bennet"]
[Black "Nikulina, Alena"]
[Result "1-0"]
[WhiteTitle "FM"]
[BlackTitle "WFM"]
[WhiteElo "2293"]
[BlackElo "1875"]
[WhiteFideId "12939889"]
[BlackFideId "4172051"]
[EventDate "2025.06.24"]

1. e4 c5 2. Nf3 e6 3. d4 cxd4 4. Nxd4 Nf6 5. Nc3 Nc6 6. Ndb5 Bb4 7. a3 Bxc3+ 8.
Nxc3 d5 9. exd5 exd5 10. Bd3 O-O 11. O-O Bg4 12. f3 Bh5 13. Bg5 d4 14. Ne4 Ne5
15. Qe1 Nxd3 16. cxd3 Bg6 17. Qh4 Bxe4 18. fxe4 Kh8 19. Rxf6 Qa5 20. Rf2 f6 21.
Bd2 Qb5 22. Raf1 Qxd3 23. e5 Qg6 24. exf6 gxf6 25. Qxd4 Rae8 26. Bc3 Rd8 27. Qh4
Rd6 28. Rxf6 Rdxf6 29. Rxf6 Rxf6 30. Qxf6+ Qxf6 31. Bxf6+ 1-0

[Event "Titled Tue 24th Jun Early"]
[Site "chess.com INT"]
[Date "2025.06.24"]
[Round "1"]
[White "Korobov, Anton"]
[Black "Claverie, Christophe"]
[Result "1-0"]
[WhiteTitle "GM"]
[BlackTitle "IM"]
[WhiteElo "2631"]
[BlackElo "2290"]
[WhiteFideId "14105730"]
[BlackFideId "605514"]
[EventDate "2025.06.24"]

1. d4 Nf6 2. c4 g6 3. Nc3 Bg7 4. e4 d6 5. Be2 O-O 6. Bg5 c5 7. d5 a6 8. a4 e6 9.
Nf3 exd5 10. cxd5 Bg4 11. Nd2 Bxe2 12. Qxe2 Nbd7 13. O-O Re8 14. f3 Rb8 15. a5
h5 16. Kh1 Qe7 17. f4 Qf8 18. Qd3 Nh7 19. Bh4 Bf6 20. Bg3 h4 21. Bf2 Qh6 22. Qh3
Rbd8 23. Nc4 Ndf8 24. Rae1 Bxc3 25. bxc3 Qxf4 26. Bxh4 Rxe4 27. Rxf4 1-0

[Event "Titled Tue 24th Jun Early"]
[Site "chess.com INT"]
[Date "2025.06.24"]
[Round "1"]
[White "Andreikin, Dmitry"]
[Black "Urquhart, Ed"]
[Result "1-0"]
[WhiteTitle "GM"]
[WhiteElo "2695"]
[BlackElo "2209"]
[WhiteFideId "4158814"]
[BlackFideId "2603748"]
[EventDate "2025.06.24"]

1. d4 Nf6 2. c4 e6 3. Nc3 Bb4 4. e3 d5 5. Nf3 O-O 6. Bd2 dxc4 7. Bxc4 c5 8. dxc5
Bxc5 9. O-O b6 10. e4 Bb7 11. e5 Nd5 12. Bg5 Be7 13. Bxd5 Bxd5 14. Bxe7 Qxe7 15.
Nxd5 exd5 16. Qxd5 Nd7 17. Rad1 Nc5 18. Nd4 Rfe8 19. Nc6 Qe6 20. b4 Na4 21. Qf3
b5 22. a3 Nb2 23. Rd6 Qa2 24. Rd2 1-0

[Event "Titled Tue 24th Jun Early"]
[Site "chess.com INT"]
[Date "2025.06.24"]
[Round "1"]
[White "Ersoz, Teoman Guney"]
[Black "Dolinskaia, Mariia"]
[Result "1-0"]
[WhiteTitle "CM"]
[BlackTitle "WCM"]
[WhiteElo "2052"]
[BlackElo "1998"]
[WhiteFideId "44537050"]
[BlackFideId "54140064"]
[EventDate "2025.06.24"]

1. d4 d5 2. Nc3 Nf6 3. Bg5 c6 4. f3 Bf5 5. Qd2 h6 6. Bxf6 gxf6 7. e4 dxe4 8.
fxe4 Be6 9. Nf3 h5 10. d5 Bh6 11. Qd4 Bd7 12. Bc4 cxd5 13. Qxd5 Be6 14. Bb5+ Kf8
15. Qxd8+ 1-0

[Event "Titled Tue 24th Jun Early"]
[Site "chess.com INT"]
[Date "2025.06.24"]
[Round "1"]
[White "Torres Rebolledo, Alvaro"]
[Black "Kacharava, Nikolozi"]
[Result "0-1"]
[WhiteTitle "FM"]
[BlackTitle "GM"]
[WhiteElo "2318"]
[BlackElo "2524"]
[WhiteFideId "54587670"]
[BlackFideId "13611860"]
[EventDate "2025.06.24"]

1. Nf3 d5 2. b3 Bg4 3. e3 e5 4. h3 Bxf3 5. Qxf3 Nf6 6. Bb2 Bd6 7. d3 Nbd7 8. Nd2
Qe7 9. g4 h6 10. Bg2 c6 11. Qe2 Ba3 12. O-O-O a5 13. h4 a4 14. Nb1 Bxb2+ 15.
Kxb2 Nb6 16. g5 Nfd7 17. Qg4 h5 18. Qg3 Ra6 19. f4 axb3 20. axb3 O-O 21. f5 Rfa8
22. f6 Ra2+ 23. Kc1 Rxc2+ 24. Kxc2 Qc5+ 25. Kd2 Ra2+ 26. Ke1 Qc2 27. Nd2 Nc5 28.
Bf1 Nxb3 29. Nxb3 Qxb3 30. Qxe5 Qb4+ 0-1

[Event "Titled Tue 24th Jun Early"]
[Site "chess.com INT"]
[Date "2025.06.24"]
[Round "1"]
[White "Golis, Wiktor"]
[Black "Tiitta, Sauli"]
[Result "1-0"]
[WhiteTitle "FM"]
[WhiteElo "2307"]
[BlackElo "2157"]
[WhiteFideId "21055874"]
[BlackFideId "502251"]
[EventDate "2025.06.24"]

1. Nf3 c5 2. e4 g6 3. Bc4 Bg7 4. O-O Nc6 5. Re1 d6 6. h3 Nf6 7. c3 O-O 8. d4
cxd4 9. cxd4 d5 10. exd5 Nxd5 11. Bxd5 Qxd5 12. Nc3 Qh5 13. d5 Ne5 14. Nxe5 Bxe5
15. Qxh5 Bxc3 16. Qf3 Bxe1 17. Bh6 Bb4 18. Bxf8 Kxf8 19. Rc1 Bd6 20. Qc3 Kg8 21.
Qxc8+ Rxc8 22. Rxc8+ Kg7 23. Ra8 a6 24. Ra7 Kf6 25. Rxb7 Ke5 26. Rb6 a5 27. Rb5
Bb4 28. a3 Bd2 29. Kf1 Kd6 30. Ke2 Bc1 31. a4 e6 32. dxe6 fxe6 33. b3 Kc6 34.
Rxa5 Ba3 35. Ra8 Kc5 36. Rc8+ Kb4 37. Rb8+ Kc3 38. a5 1-0

[Event "Titled Tue 24th Jun Early"]
[Site "chess.com INT"]
[Date "2025.06.24"]
[Round "1"]
[White "Jimenez Salas, Maria Teresa"]
[Black "Samsonkin, Artiom"]
[Result "0-1"]
[WhiteTitle "WIM"]
[BlackTitle "IM"]
[WhiteElo "2170"]
[BlackElo "2361"]
[WhiteFideId "3843866"]
[BlackFideId "13503111"]
[EventDate "2025.06.24"]

1. e4 e6 2. d4 d5 3. Nc3 dxe4 4. Nxe4 Bd7 5. Nf3 Bc6 6. Ng3 Nd7 7. Bd3 Ngf6 8.
O-O Be7 9. Qe2 O-O 10. Ne5 Nxe5 11. dxe5 Qd5 12. f3 Nd7 13. Re1 Nc5 14. Bc4 Qd4+
15. Kh1 Rad8 16. c3 Qh4 17. Be3 Bd5 18. Bxd5 Rxd5 19. Bf2 Nd3 20. Red1 Rfd8 21.
Bd4 Nf4 22. Qe4 c5 23. Ne2 Nxe2 24. Qxe2 cxd4 25. c4 d3 26. Qe3 Rd4 27. g3 Qh5
28. b3 d2 29. a4 Rd3 30. Qe4 Qxf3+ 31. Qxf3 Rxf3 0-1

[Event "Titled Tue 24th Jun Early"]
[Site "chess.com INT"]
[Date "2025.06.24"]
[Round "1"]
[White "Maghsoodloo, Parham"]
[Black "Nazin, Roman"]
[Result "1-0"]
[WhiteTitle "GM"]
[BlackTitle "CM"]
[WhiteElo "2691"]
[BlackElo "2250"]
[WhiteFideId "12539929"]
[BlackFideId "4137167"]
[EventDate "2025.06.24"]

1. d4 c5 2. d5 e5 3. e4 a6 4. a4 d6 5. h4 Nf6 6. Nc3 Be7 7. Be2 O-O 8. Be3 Ne8
9. Nf3 Bg4 10. Nd2 Bxe2 11. Qxe2 Nd7 12. g3 Nc7 13. O-O Rb8 14. Nc4 b6 15. Kg2
g6 16. h5 f5 17. f4 b5 18. axb5 Nxb5 19. hxg6 hxg6 20. exf5 gxf5 21. fxe5 Nxc3
22. bxc3 Nxe5 23. Rxa6 Ng4 24. Bf4 Rf6 25. Re1 Kf8 26. Bg5 1-0

[Event "Titled Tue 24th Jun Early"]
[Site "chess.com INT"]
[Date "2025.06.24"]
[Round "1"]
[White "Bauml, Broderick Kenneth"]
[Black "Ben Ari, Yannay"]
[Result "0-1"]
[BlackTitle "IM"]
[WhiteElo "2089"]
[BlackElo "2450"]
[WhiteFideId "30972477"]
[BlackFideId "2815222"]
[EventDate "2025.06.24"]

1. e4 c5 2. Nc3 Nc6 3. Bb5 Nd4 4. Nf3 e6 5. O-O a6 6. Bd3 Nc6 7. b3 g6 8. e5 Bg7
9. Re1 f6 10. Ne4 fxe5 11. Nxc5 d6 12. Ne4 d5 13. Nc3 e4 14. Bxe4 dxe4 15. Nxe4
Bxa1 16. Ba3 Bg7 17. Nd6+ Kd7 18. Qe2 Kc7 19. Nf7 Qf6 20. Bd6+ Kd7 21. Nxh8 Kxd6
22. Qd3+ Kc7 23. Nxg6 hxg6 24. h4 Nge7 25. Ng5 e5 26. Ne4 Bf5 0-1